Hà Minh Đức tuyển tập Tập 2: Nghiên cứu văn học Việt Nam hiện đại (trào lưu-tác gia-tác phẩm)
Giới thiệu về Hồ Chí Minh-nhà thơ lớn của dân tộc, nhưng tác phẩm, báo chí của người và thi sĩ Nguyễn Bính, Nam Cao.
Đã lưu trong:
| Tác giả chính: | |
|---|---|
| Định dạng: | Sách |
| Năm xuất bản: |
H.:
Giáo dục,
2004
|
| Chủ đề: | |
| Tags: |
Thêm thẻ
Không có thẻ, Hãy là người đầu tiên gắn thẻ bản ghi này!
|
| LEADER | 00769nam a2200145 4500 | ||
|---|---|---|---|
| 082 | |a 895.92209 |b H100M | ||
| 100 | |a Hà Minh Đức | ||
| 245 | |a Hà Minh Đức tuyển tập |c Trần Khánh Thành tuyển chọn |n Tập 2: |p Nghiên cứu văn học Việt Nam hiện đại (trào lưu-tác gia-tác phẩm) | ||
| 260 | |a H.: |b Giáo dục, |c 2004 | ||
| 300 | |a 995tr.; |c 24cm. | ||
| 520 | |a Giới thiệu về Hồ Chí Minh-nhà thơ lớn của dân tộc, nhưng tác phẩm, báo chí của người và thi sĩ Nguyễn Bính, Nam Cao. | ||
| 653 | |a Phê bình văn học-Việt Nam | ||
| 942 | |2 ddc |c SH | ||
| 999 | |c 12455 |d 12455 | ||
| 952 | |0 0 |1 0 |2 ddc |4 0 |6 895_922090000000000_H100M |7 0 |8 800 |9 105592 |a qbu |b qbu |c D5 |d 2016-02-29 |g 98300 |o 895.92209 H100M |p 11779.c1 |r 0000-00-00 |w 2016-02-29 |y SH | ||